[Event "Ambelokipi op 34th"]
[Site "Athens"]
[Date "2002.01.30"]
[Round "6"]
[White "Gamarian, Gaguik"]
[Black "Poteas, Ioannis"]
[Result "1/2-1/2"]
[WhiteElo "2197"]
[BlackElo "2121"]
[PlyCount "21"]
[EventDate "2002.01.12"]
[EventType "swiss"]
[EventRounds "7"]
[EventCountry "GRE"]
[SourceTitle "CBM 086 Extra"]
[Source "ChessBase"]
[SourceDate "2002.03.14"]
[SourceVersion "1"]
[SourceVersionDate "2002.03.14"]
[SourceQuality "1"]

1. c4 e6 2. Nc3 d5 3. cxd5 exd5 4. d4 c6 5. Nf3 Bf5 6. Bf4 Bd6 7. Bxd6 Qxd6 8. e3 Nf6 9. Bd3 Bxd3 10. Qxd3 Nbd7 11. 0-0 1/2-1/2

[Event "Ambelokipi op 22th"]
[Site "Athens"]
[Date "2000.02.23"]
[Round "6"]
[White "Gamarian, Gaguik"]
[Black "Shahtahtinsky, Alekper"]
[Result "0-1"]
[WhiteElo "2171"]
[BlackElo "2357"]
[PlyCount "96"]
[EventDate "2000.02.05"]
[EventType "swiss"]
[EventRounds "7"]
[EventCountry "GRE"]
[SourceTitle "EXT 2004"]
[Source "ChessBase"]
[SourceDate "2003.11.25"]
[SourceVersion "1"]
[SourceVersionDate "2003.11.25"]
[SourceQuality "1"]

1. c4 e5 2. e3 Nc6 3. Nc3 Nf6 4. Nge2 d5 5. cxd5 Nxd5 6. a3 Be7 7. Nxd5 Qxd5 8. d4 exd4 9. Nxd4 Nxd4 10. Qxd4 Qxd4 11. exd4 Be6 12. Bd2 Bf6 13. Bc3 Bb3 14. Ba5 0-0 15. Bxc7 Bxd4 16. Bb5 Rac8 17. Bf4 a6 18. Bd7 Rcd8 19. Bd6 Rxd7 20. Bxf8 Bxb2 21. Rb1 Bc3+ 22. Ke2 Bc4+ 23. Ke3 Kxf8 24. Rhd1 Re7+ 25. Kf4 Be5+ 26. Kf3 Bc7 27. Rd2 Bb5 28. g3 Bc6+ 29. Kg4 f5+ 30. Kg5 h6+ 31. Kh4 g5+ 32. Kh3 g4+ 33. Kh4 Kg7 34. h3 h5 35. hxg4 hxg4 36. Kg5 Kf7 37. Rbd1 Ke6 38. Rd3 Rh7 39. R1d2 Rh2 40. Rb3 Be5 41. Re2 Rh7 42. Rb6 Rg7+ 43. Kh6 Rd7 44. Re3 Rd2 45. f3 Kf6 46. Kh7 gxf3 47. Rxf3 Rh2+ 48. Kg8 Ke6 0-1

[Event "Ambelokipi op 22th"]
[Site "Athens"]
[Date "2000.02.19"]
[Round "5"]
[White "Gamarian, Gaguik"]
[Black "Nesic, Nebojsa"]
[Result "1-0"]
[WhiteElo "2171"]
[BlackElo "2210"]
[PlyCount "81"]
[EventDate "2000.02.05"]
[EventType "swiss"]
[EventRounds "7"]
[EventCountry "GRE"]
[SourceTitle "EXT 2004"]
[Source "ChessBase"]
[SourceDate "2003.11.25"]
[SourceVersion "1"]
[SourceVersionDate "2003.11.25"]
[SourceQuality "1"]

1. c4 Nf6 2. Nc3 g6 3. g3 Bg7 4. Bg2 0-0 5. d3 c6 6. e4 d6 7. Nge2 e5 8. 0-0 Nbd7 9. h3 Ne8 10. b4 a5 11. b5 Nc5 12. Be3 Nc7 13. bxc6 bxc6 14. Na4 N7e6 15. Rb1 Nxa4 16. Qxa4 Bd7 17. f4 c5 18. Qa3 exf4 19. gxf4 Bc6 20. f5 gxf5 21. Rxf5 Rb8 22. Qc1 Rxb1 23. Qxb1 Qb8 24. Qf1 Qb2 25. Rh5 Rb8 26. Rf5 Rb7 27. Rf2 Qxa2 28. Nd4 Qxf2+ 29. Bxf2 Nxd4 30. e5 Bxg2 31. Qxg2 Rb1+ 32. Kh2 Rb2 33. exd6 Ne6 34. Qa8+ Bf8 35. Kg3 Kg7 36. d7 Be7 37. Qxa5 Rb3 38. Qa1+ f6 39. Qd1 Bd6+ 40. Kh4 Kf8 41. Qxb3 1-0

[Event "Villa Martelli op2"]
[Site "Villa Martelli"]
[Date "1999.??.??"]
[Round "7"]
[White "Gamarian, Gaguik"]
[Black "Soppe, Guillermo"]
[Result "0-1"]
[WhiteElo "2130"]
[BlackElo "2448"]
[PlyCount "64"]
[EventDate "1999.??.??"]
[EventType "swiss"]
[EventRounds "9"]
[EventCountry "ARG"]
[SourceTitle "EXT 2001"]
[Source "ChessBase"]
[SourceDate "2000.11.22"]
[SourceVersion "1"]
[SourceVersionDate "2000.11.22"]
[SourceQuality "1"]

1. c4 e6 2. Nc3 d5 3. cxd5 exd5 4. d4 c6 5. Nf3 Nf6 6. Qc2 Be7 7. Bf4 0-0 8. e3 Nh5 9. Bg3 Nd7 10. Bd3 g6 11. Ne5 Nxg3 12. hxg3 Nxe5 13. dxe5 Qc7 14. Nxd5 Qa5+ 15. Nc3 Qxe5 16. 0-0-0 Bf6 17. e4 Qa5 18. f4 Bg4 19. Rde1 Rad8 20. e5 Be7 21. Bc4 Rd4 22. Qb3 b5 23. Be2 Be6 24. Qc2 Bf5 25. Qb3 Rb4 26. Qa3 Qxa3 27. bxa3 Rd4 28. Nb1 Rd5 29. Kb2 b4 30. axb4 Bxb4 31. Rd1 Rb8 32. Bc4 Ba3+ 0-1

[Event "Buenos Aires CABJ Sup"]
[Site "Buenos Aires"]
[Date "1998.12.22"]
[Round "9"]
[White "Gamarian, Gaguik"]
[Black "Hoffman, Alejandro"]
[Result "0-1"]
[WhiteElo "2140"]
[BlackElo "2525"]
[PlyCount "88"]
[EventDate "1998.12.??"]
[EventType "tourn"]
[EventRounds "9"]
[EventCountry "ARG"]
[EventCategory "2"]
[SourceTitle "EXT 2002"]
[Source "ChessBase"]
[SourceDate "2001.11.25"]
[SourceVersion "1"]
[SourceVersionDate "2001.11.25"]
[SourceQuality "1"]

1. c4 b6 2. Nc3 e6 3. e4 Bb7 4. d3 Bb4 5. a3 Bxc3+ 6. bxc3 Ne7 7. Ne2 d5 8. cxd5 exd5 9. f3 0-0 10. Nf4 Qd6 11. Qe2 Nd7 12. g3 Rae8 13. Bh3 Ba6 14. 0-0 Ne5 15. Rd1 f5 16. Qa2 Kh8 17. exd5 Nxf3+ 18. Kg2 Ne5 19. c4 Bb7 20. a4 g5 21. Ba3 c5 22. dxc6 Qxc6+ 23. Nd5 g4 24. Re1 gxh3+ 25. Kf1 N7g6 26. Bxf8 Rxf8 27. Qb2 Qd6 28. Qa3 Qxa3 29. Rxa3 Bxd5 30. cxd5 f4 31. gxf4 Nxf4 32. Re4 Nxd5+ 33. Ke2 Nf3 34. d4 Nxh2 35. Rb3 Nf1 36. Rf3 Rxf3 37. Re8+ Kg7 38. Kxf3 h2 39. Kg2 Nde3+ 40. Kh1 Ng4 41. Re7+ Kg6 42. Kg2 Nf2 43. Re6+ Kg5 44. Re5+ Kg4 0-1

[Event "Buenos Aires CABJ Sup"]
[Site "Buenos Aires"]
[Date "1998.12.21"]
[Round "8"]
[White "Bulcourf, Carlos"]
[Black "Gamarian, Gaguik"]
[Result "1/2-1/2"]
[WhiteElo "2285"]
[BlackElo "2140"]
[PlyCount "57"]
[EventDate "1998.12.??"]
[EventType "tourn"]
[EventRounds "9"]
[EventCountry "ARG"]
[EventCategory "2"]
[SourceTitle "EXT 2002"]
[Source "ChessBase"]
[SourceDate "2001.11.25"]
[SourceVersion "1"]
[SourceVersionDate "2001.11.25"]
[SourceQuality "1"]

1. Nf3 d5 2. d4 e6 3. Bf4 Nf6 4. e3 Bd6 5. c3 Nbd7 6. Nbd2 Bxf4 7. exf4 c5 8. dxc5 Nxc5 9. Nb3 Qb6 10. Ne5 Nfe4 11. Nxc5 Nxc5 12. Qc2 Bd7 13. Nxd7 Nxd7 14. Bd3 0-0-0 15. 0-0 g6 16. b4 Kb8 17. a4 Rc8 18. Qd2 Qc7 19. Rac1 Nb6 20. a5 Nc4 21. Bxc4 Qxc4 22. Qe3 Rhd8 23. Rfd1 Qe4 24. Kf1 Qxe3 25. fxe3 Rc4 26. Rd4 Rxd4 27. exd4 h6 28. Ke2 Rc8 29. Kd3 1/2-1/2

[Event "Torre Blanca ITT"]
[Site "Buenos Aires"]
[Date "1998.??.??"]
[Round "9"]
[White "Campitelli, Guillermo"]
[Black "Gamarian, Gaguik"]
[Result "1-0"]
[WhiteElo "2205"]
[BlackElo "2145"]
[PlyCount "111"]
[EventDate "1998.??.??"]
[EventType "tourn"]
[EventRounds "11"]
[EventCountry "ARG"]
[EventCategory "2"]
[SourceTitle "EXT 2005"]
[Source "ChessBase"]
[SourceDate "2004.11.15"]
[SourceVersion "1"]
[SourceVersionDate "2004.11.15"]
[SourceQuality "1"]

1. d4 e6 2. Nf3 d5 3. c4 Nf6 4. Bg5 Be7 5. Nc3 0-0 6. e3 Nbd7 7. Rc1 c6 8. Bd3 dxc4 9. Bxc4 Nd5 10. Bxe7 Qxe7 11. Ne4 N5b6 12. Bb3 e5 13. 0-0 Kh8 14. Nfg5 f5 15. Nxh7 fxe4 16. Qh5 g6 17. Nxf8+ gxh5 18. Ng6+ Kg7 19. Nxe7 Kf6 20. Nxc8 Rxc8 21. Bc2 Nc4 22. b3 Nd6 23. f3 exd4 24. fxe4+ Ke5 25. exd4+ Kxd4 26. e5 Kxe5 27. Rce1+ Kd5 28. Bf5 Rd8 29. Be6+ Kc5 30. Rc1+ Kb6 31. Bxd7 Rxd7 32. Rcd1 Kc7 33. Rf6 b5 34. Rh6 a5 35. Rxh5 Re7 36. Rc1 Kb7 37. Rhc5 Rc7 38. h4 Ne4 39. Re5 Nf6 40. a4 bxa4 41. bxa4 Kb6 42. Rf5 Ne4 43. g4 c5 44. Re5 Nd2 45. Kf2 c4 46. Rb5+ Ka6 47. Ke3 c3 48. Kd3 Rc4 49. Rxc3 Rxa4 50. Rb2 Nf3 51. Rc6+ Ka7 52. Re2 Rxg4 53. Re7+ Kb8 54. Rf6 Ne1+ 55. Rxe1 Rxh4 56. Re7 1-0

[Event "Buenos Aires ITT-1 Siglo XXI"]
[Site "Buenos Aires"]
[Date "1998.??.??"]
[Round "12"]
[White "Ferrara, Alexis"]
[Black "Gamarian, Gaguik"]
[Result "1-0"]
[WhiteElo "2210"]
[BlackElo "2140"]
[PlyCount "55"]
[EventDate "1998.08.??"]
[EventType "tourn"]
[EventRounds "14"]
[EventCountry "ARG"]
[SourceTitle "EXT 2002"]
[Source "ChessBase"]
[SourceDate "2001.11.25"]
[SourceVersion "1"]
[SourceVersionDate "2001.11.25"]
[SourceQuality "1"]

1. d4 d5 2. Nf3 Bf5 3. c4 e6 4. c5 Nf6 5. Qb3 b6 6. cxb6 axb6 7. Bg5 Be7 8. Nc3 0-0 9. e3 Nbd7 10. Be2 c5 11. 0-0 h6 12. Bf4 Nh5 13. Be5 f6 14. Bg3 Nxg3 15. hxg3 Nb8 16. dxc5 bxc5 17. Rfd1 Bg4 18. e4 c4 19. Qb7 Ra6 20. exd5 Rb6 21. Qa7 Bc5 22. dxe6 Qe8 23. e7 Qxe7 24. Qxe7 Bxe7 25. Nd5 Rb7 26. Bxc4 Kh8 27. Nxe7 Rxe7 28. Nh4 1-0

[Event "Buenos Aires ITT-1 Siglo XXI"]
[Site "Buenos Aires"]
[Date "1998.??.??"]
[Round "1"]
[White "Flores, Diego"]
[Black "Gamarian, Gaguik"]
[Result "1-0"]
[WhiteElo "2205"]
[BlackElo "2140"]
[PlyCount "53"]
[EventDate "1998.08.??"]
[EventType "tourn"]
[EventRounds "14"]
[EventCountry "ARG"]
[SourceTitle "EXT 2002"]
[Source "ChessBase"]
[SourceDate "2001.11.25"]
[SourceVersion "1"]
[SourceVersionDate "2001.11.25"]
[SourceQuality "1"]

1. e4 e6 2. d4 d5 3. Nd2 Nf6 4. e5 Nfd7 5. Bd3 c5 6. c3 Nc6 7. Ne2 Qb6 8. Nf3 cxd4 9. cxd4 Bb4+ 10. Kf1 f6 11. Nf4 Ne7 12. Qc2 fxe5 13. dxe5 Nf8 14. Be3 Qd8 15. a3 Ba5 16. Nh5 Kf7 17. Qa4 Nfg6 18. Qg4 Rf8 19. Bg5 Qe8 20. h4 Nf5 21. Nxg7 Nxg7 22. h5 Ne7 23. Bf6 Ngf5 24. Ng5+ Kg8 25. Nxh7+ Ng6 26. Nxf8 Kxf8 27. hxg6 1-0

[Event "Villa del Parque ITT"]
[Site "Villa del Parque"]
[Date "1998.??.??"]
[Round "5"]
[White "Gamarian, Gaguik"]
[Black "Fabrega, Enrique"]
[Result "1/2-1/2"]
[WhiteElo "2145"]
[BlackElo "2270"]
[PlyCount "45"]
[EventDate "1998.??.??"]
[EventType "tourn"]
[EventRounds "14"]
[EventCountry "ARG"]
[EventCategory "2"]
[SourceTitle "EXT 2001"]
[Source "ChessBase"]
[SourceDate "2000.11.22"]
[SourceVersion "1"]
[SourceVersionDate "2000.11.22"]
[SourceQuality "1"]

1. c4 e5 2. Nc3 Nf6 3. g3 Bb4 4. Bg2 0-0 5. Qb3 a5 6. e3 Nc6 7. Nge2 Re8 8. d3 d6 9. 0-0 Bf5 10. Nd5 a4 11. Qc2 h6 12. Nec3 Bxc3 13. bxc3 e4 14. d4 Bg6 15. Rb1 b6 16. Nf4 Bh7 17. Qe2 Qd7 18. Nd5 Nxd5 19. cxd5 Ne7 20. c4 Bf5 21. Re1 Kh8 22. Rb4 Ng8 23. Qf1 1/2-1/2

[Event "Torre Blanca ITT"]
[Site "Buenos Aires"]
[Date "1998.??.??"]
[Round "3"]
[White "Gamarian, Gaguik"]
[Black "Mendez, Ernesto"]
[Result "0-1"]
[WhiteElo "2145"]
[BlackElo "2400"]
[PlyCount "56"]
[EventDate "1998.??.??"]
[EventType "tourn"]
[EventRounds "11"]
[EventCountry "ARG"]
[EventCategory "2"]
[SourceTitle "EXT 2005"]
[Source "ChessBase"]
[SourceDate "2004.11.15"]
[SourceVersion "1"]
[SourceVersionDate "2004.11.15"]
[SourceQuality "1"]

1. c4 e5 2. Nc3 Nf6 3. g3 Bb4 4. Bg2 0-0 5. Qb3 Bxc3 6. Qxc3 Re8 7. d3 Nc6 8. e4 Nd4 9. Nf3 c5 10. Nxd4 cxd4 11. Qa3 d6 12. Bd2 Qc7 13. Rc1 b6 14. 0-0 Bb7 15. f3 a5 16. Bh3 Nd7 17. Bxd7 Qxd7 18. f4 f5 19. fxe5 fxe4 20. dxe4 Rxe5 21. Rce1 Rae8 22. Bf4 Rxe4 23. Rxe4 Bxe4 24. Qxd6 Qh3 25. Rf2 d3 26. Qxb6 Ba8 27. Qxa5 Qe6 28. Bd2 Qe4 0-1

[Event "Torre Blanca ITT"]
[Site "Buenos Aires"]
[Date "1997.??.??"]
[Round "4"]
[White "Ferraro, Fabian"]
[Black "Gamarian, Gaguik"]
[Result "1-0"]
[WhiteElo "2245"]
[BlackElo "2145"]
[PlyCount "49"]
[EventDate "1997.??.??"]
[EventType "tourn"]
[EventRounds "11"]
[EventCountry "ARG"]
[SourceTitle "EXT 2005"]
[Source "ChessBase"]
[SourceDate "2004.11.15"]
[SourceVersion "1"]
[SourceVersionDate "2004.11.15"]
[SourceQuality "1"]

1. e4 e6 2. d4 d5 3. Nc3 Bb4 4. e5 c5 5. dxc5 Nd7 6. Nf3 Ne7 7. Bd3 Qc7 8. 0-0 Bxc3 9. bxc3 Nxe5 10. Nxe5 Qxe5 11. Be3 Nf5 12. Bd4 Nxd4 13. cxd4 Qc7 14. Qh5 Qe7 15. Rab1 g6 16. Qh6 Qf8 17. Bb5+ Kd8 18. Qf4 Qe7 19. c4 g5 20. Qf3 dxc4 21. d5 g4 22. Qc3 e5 23. d6 Qe6 24. Qa5+ b6 25. cxb6 1-0

[Event "Torre Blanca ITT"]
[Site "Buenos Aires"]
[Date "1997.??.??"]
[Round "7"]
[White "Gamarian, Gaguik"]
[Black "Dolezal, Cristian"]
[Result "0-1"]
[WhiteElo "2145"]
[BlackElo "2350"]
[PlyCount "94"]
[EventDate "1997.??.??"]
[EventType "tourn"]
[EventRounds "11"]
[EventCountry "ARG"]
[SourceTitle "EXT 2005"]
[Source "ChessBase"]
[SourceDate "2004.11.15"]
[SourceVersion "1"]
[SourceVersionDate "2004.11.15"]
[SourceQuality "1"]

1. c4 g5 2. Nc3 Bg7 3. d4 h6 4. e3 d6 5. Nge2 c5 6. dxc5 dxc5 7. Qxd8+ Kxd8 8. b3 b6 9. Bb2 Bb7 10. 0-0-0+ Nd7 11. Ng3 Be5 12. f3 Ngf6 13. Bd3 e6 14. Nge4 Ke7 15. Rd2 Rhg8 16. h4 g4 17. f4 Nxe4 18. Nxe4 Bxb2+ 19. Kxb2 g3 20. Rh3 Rg7 21. Bc2 Rd8 22. Kc3 f5 23. Nd6 Bc6 24. Rh1 Nf6 25. Rhd1 Rxd6 26. Rxd6 Bxg2 27. R6d2 Bf3 28. Rg1 g2 29. Rf2 Rg3 30. Kd2 Bc6 31. Bd1 Ne4+ 32. Ke2 Nc3+ 33. Kd2 Nxd1 34. Kxd1 Rxe3 35. Re2 Bf3 36. Rgxg2 Rxe2 37. Rxe2 Kf6 38. Kd2 Bxe2 39. Kxe2 e5 40. Ke3 h5 41. a3 a6 42. b4 Ke6 43. fxe5 Kxe5 44. Kf3 f4 45. Ke2 Ke4 46. Kf2 f3 47. a4 cxb4 0-1

[Event "Torre Blanca op"]
[Site "Buenos Aires"]
[Date "1997.??.??"]
[Round "2"]
[White "Gamarian, Gaguik"]
[Black "Gras, Carlos"]
[Result "0-1"]
[WhiteElo "2145"]
[BlackElo "2110"]
[PlyCount "102"]
[EventDate "1997.??.??"]
[EventType "swiss"]
[EventRounds "9"]
[EventCountry "ARG"]
[SourceTitle "EXT 1999"]
[Source "ChessBase"]
[SourceDate "1998.11.16"]
[SourceVersion "1"]
[SourceVersionDate "1998.11.16"]
[SourceQuality "1"]

1. c4 Nf6 2. Nc3 c5 3. g3 g6 4. Bg2 Bg7 5. e3 0-0 6. Nge2 Nc6 7. 0-0 d6 8. b3 Bf5 9. d3 Qd7 10. Re1 Ne5 11. Nf4 g5 12. d4 Bg4 13. f3 Nxf3+ 14. Bxf3 Bxf3 15. Qxf3 gxf4 16. Qxf4 Qh3 17. Ne4 Ng4 18. Re2 cxd4 19. Ng5 Qh5 20. exd4 e5 21. Qf5 exd4 22. Bb2 Ne5 23. Rf1 f6 24. Qe6+ Kh8 25. Nxh7 Qxe2 26. Qh3 Qe3+ 27. Rf2 Kg8 28. Nxf8 Rxf8 29. Qe6+ Rf7 30. Qxd6 Rd7 31. Qe6+ Kh7 32. Qf5+ Kh8 33. Qh5+ Kg8 34. Qe8+ Kh7 35. Qh5+ Qh6 36. Qf5+ Qg6 37. Qh3+ Kg8 38. Qe6+ Qf7 39. Qf5 Rd8 40. Rf4 Qd7 41. Qh5 Nd3 42. Rxd4 Qe7 43. Rxd8+ Qxd8 44. Bc3 Ne5 45. Qf5 Qd1+ 46. Kf2 Qd7 47. Qxd7 Nxd7 48. Ke3 Kf7 49. Ke4 Ke6 50. Bd4 b6 51. h4 Bh6 0-1

[Event "Torre Blanca ITT"]
[Site "Buenos Aires"]
[Date "1997.??.??"]
[Round "2"]
[White "Gamarian, Gaguik"]
[Black "Suarez, Damian"]
[Result "0-1"]
[WhiteElo "2145"]
[BlackElo "2250"]
[PlyCount "94"]
[EventDate "1997.??.??"]
[EventType "tourn"]
[EventRounds "11"]
[EventCountry "ARG"]
[SourceTitle "EXT 2005"]
[Source "ChessBase"]
[SourceDate "2004.11.15"]
[SourceVersion "1"]
[SourceVersionDate "2004.11.15"]
[SourceQuality "1"]

1. c4 c5 2. Nc3 Nc6 3. g3 e5 4. Bg2 g6 5. d3 Bg7 6. e3 d6 7. Nge2 Nge7 8. 0-0 0-0 9. Rb1 Be6 10. Nd5 Rb8 11. Nec3 a6 12. a4 Nb4 13. Nxe7+ Qxe7 14. Nd5 Bxd5 15. cxd5 f5 16. e4 b5 17. b3 fxe4 18. dxe4 c4 19. Bd2 Nd3 20. axb5 axb5 21. Qc2 Qc7 22. Bh3 Ra8 23. Bg4 Qa7 24. Be3 Qa2 25. Qd1 Rfb8 26. Be2 Nb4 27. bxc4 bxc4 28. Rc1 Rc8 29. Bd2 Rab8 30. Ra1 Qb3 31. Qc1 c3 32. Ra3 Qc2 33. Rxc3 Rxc3 34. Bxc3 Qxe2 35. Bxb4 Rxb4 36. Qc8+ Bf8 37. Qe6+ Kg7 38. Qd7+ Kh8 39. Qf7 Rb8 40. Qf6+ Kg8 41. Qe6+ Kg7 42. Rc1 Qf3 43. Rc7+ Kh8 44. Rc1 Rb2 45. Rf1 Re2 46. h4 Rxe4 47. h5 gxh5 0-1